00535nam a2200181 a 450000100060000000300090000600800410001502000150005604000280007108200130009910000270011224500960013926000370023530000110027265000250028365000230030865000220033115373CO-ViMGA141112s2004 ck r 000 u spa d a9586017419 aCO-ViMGAbspacCO-ViMGA04a338 W4371 aWiesner Duran, Eduardo10aLa efectividad de las políticas públicas en Colombia : bUn análisis neoinstitucional aBogotá, cTercer mundo, c1997 a308.p.14aPolítica ECONOMICA14aPOLÍTICA PUBLICA14aPolítica SOCIAL